| 000 | 00507cab a2200193 4500 | ||
|---|---|---|---|
| 001 | X3820 | ||
| 008 | 090401t1996 xxu||||| |||| 00| 0 eng d | ||
| 035 | _a(Sirsi) u33128 | ||
| 041 | _aeng | ||
| 100 | _aIsaac, D. | ||
| 245 | 4 | _aThe property lending survey, five years on | |
| 260 | _c1996 | ||
| 350 | _a0 | ||
| 490 |
_aCSM (Chartered Surveyor Monthly) _v6(2) October 1996, 40(1) |
||
| 650 | _aBANK LENDING | ||
| 690 | _aPROPERTY-PROPERTY FINANCE AND INVESTMENT | ||
| 942 | _n0 | ||
| 948 | _c04/03/1997 | ||
| 999 |
_c22145 _d22145 |
||